000
00312nam a22001217a 4500
008
160428b xxu||||| |||| 00| 0 eng d
020
_a
9780803616110
020
_a
080316112
041
_a
eng
080
_a
618.2
245
_a
Essentials of Psychiatric mental health nursing:
_c
Mary C. Townsend;
942
_2
udc
_c
BK
999
_c
1647
_d
1647